A bizonyítás alapvető kérdései a büntetőeljárásban

Elmentve itt :
Bibliográfiai részletek
Szerző: Balogh Csaba
További közreműködők: nincs megadva (Témavezető)
Dokumentumtípus: Szakdolgozat
Megjelent: 1984
Tárgyszavak:
Online Access:http://diploma.bibl.u-szeged.hu/20977
LEADER 00562nta a2200157 i 4500
001 dipl20977
005 20130314080458.0
008 111129s1984 hu om 0|| zxx d
040 |a SZTE Diploma Repozitórium  |b hun 
041 |a zxx 
100 1 |a Balogh Csaba 
245 1 2 |a A bizonyítás alapvető kérdései a büntetőeljárásban  |h [elektronikus dokumentum] /  |c Csaba Balogh 
260 |c 1984 
650 4 |a Jogi és igazgatási tanulmányok 
700 1 |a nincs megadva  |e ths 
856 4 0 |u http://diploma.bibl.u-szeged.hu/id/eprint/20977/1/1984_balogh_csaba.pdf  |z Dokumentum-elérés